Aforizmy

Bibliographic Details
Other Authors: Brezina, Ján, 1917-1997 (Compiler), Mydlo, Svetozár, 1948-2014 (Illustrator)
Format: Book
Language:Slovak
PhysicalDescription:287 s. ilustr. 19 cm
Published: Košice Východoslovenské vydavateľstvo 1988
Edition:1. vyd.
Subjects:

MARC

LEADER 00000nam a2200000 a 4500
001 vtls001080677
003 SK-MaSNL
005 20260302051829.0
008 210928s1988 xo 0 slo
015 |a SNBA1989/04 
020 |c 15 Kčs. (24000 výtl.) 
035 |a SNK000023514 
040 |a SNK  |b slo  |c SNK  |e AACR2 
041 0 |a slo 
044 |a xo  |c SK 
080 |a 820/899 (100)-84(082)  |2 1981 
245 0 0 |a Aforizmy  |c zozbieral Ján Brezina ; [ilustroval Svetozár Mydlo] 
250 |a 1. vyd. 
260 |a Košice  |b Východoslovenské vydavateľstvo  |c 1988  |e Košice  |f Východoslovenské tlačiarne 
300 |a 287 s.  |b ilustr.  |c 19 cm 
655 7 |a aforizmy  |2 SNKPH  |9 1250 
700 1 |a Brezina, Ján,  |d 1917-1997  |4 com  |9 106668 
700 1 |a Mydlo, Svetozár,  |d 1948-2014  |4 ill  |9 164643 
958 |a LX 
958 |a TL 
958 |a OND 
999 |c 1102710  |d 1104640 
952 |t P60, <04>, [BOOK], {604}  |a SNK  |b SNK  |y VYP  |7 0  |p 17A0074646  |o snkSD 60813 D1  |0 0  |1 0  |4 0  |d 1997-06-25  |l 0  |r 2004-12-31 00:00:00  |w 2026-02-24